000 01278cam a2200313 i 4500
001 2578858
003 EG-ScBUE
005 20260330094126.0
008 960401t1996 gw a f b 101 0 eng
020 _a3540610758 (Berlin : acidfree paper)
020 _a9783540610755
040 _aEG-ScBUE
_beng
_erda
_cEG-ScBUE
_dEG-ScBUE
082 0 4 _a589.9013342
_bREA
_222
245 0 4 _aThe reaction center of photosynthetic bacteria :
_bStructure and dynamics /
_cM.-E. Michel-Beyerle, editor.
264 1 _aBerlin :
_bSpringer,
_c[1996]
264 4 _cc1996
300 _aix, 426 pages :
_billustrations ;
_c24 cm
336 _2rdacontent
_atext
_btxt
337 _aunmediated
_2rdamedia
_bn
338 _avolume
_bnc
_2rdacarrier
500 _a"Proceedings of the workshop on The Reaction Center of Photosynthetic Bacteria: Structure and Dynamics, held from March 1-4, 1995, in Feldafing, Bavaria (Germany)"--P. preceding t.p.
500 _aWith 167 figures.
504 _aIncludes bibliographical references and indexes.
650 7 _aPhotosynthetic reaction centers
_xCongresses.
_97672
_2BUEsh
650 7 _aPhotosynthetic bacteria
_xCongresses.
_97673
_2BUEsh
655 _vReading book
700 1 _aMichel-Beyerle, M. E.
_q(Maria Elisabeth),
_97674
_eeditor.
942 _2ddc
_cBB
999 _c12229
_d12229